000
00290nam a2200109Ia 4500
008
230907s9999||||xx |||||||||||||| ||und||
082
_a
620.11296
_b
LIU
100
_a
Liu, Zi-Kui.
_9
115438
245
0
_a
Computational thermodynamics of materials /
300
_a
vii, 251 pages :
942
_c
BK
999
_c
598404
_d
598404